Handbook of aqueous electrolyte thermodynamics : theory & application /
Guardado en:
| Autor Corporativo: | |
|---|---|
| Otros Autores: | |
| Formato: | Libro |
| Idioma: | English |
| Publicado: |
New York, N.Y. :
Design Institute for Physical Property Data sponsored by the American Institute of Chemical Engineers,
c1986.
|
| Materias: | |
| Acceso en línea: | Biografía del autor Descripción Tabla de contenido |
| Etiquetas: |
Agregar Etiqueta
Sin Etiquetas, Sea el primero en etiquetar este registro!
|
| LEADER | 01199cam a22002535a 4500 | ||
|---|---|---|---|
| 001 | EIQ.libpla001697 | ||
| 008 | 860220s1986####nyua#####b####001#0#eng#d | ||
| 005 | 20061211150849.0 | ||
| 245 | 0 | 0 | |a Handbook of aqueous electrolyte thermodynamics : |b theory & application / |c Joseph F. Zemaitis, Jr. ... [et al.]. |
| 260 | |a New York, N.Y. : |b Design Institute for Physical Property Data sponsored by the American Institute of Chemical Engineers, |c c1986. | ||
| 300 | |a xxi, 852 p. : |b il. ; |c 26 cm. | ||
| 504 | |a Incluye referencias bibliográficas e índice. | ||
| 020 | |a 0816903506 | ||
| 700 | 1 | |a Zemaitis, Joseph F., |d 1940. | |
| 710 | 2 | |a American Institute of Chemical Engineers. | |
| 082 | 0 | 0 | |a 541.3/746 |2 19 |
| 650 | 4 | |a Electrolitos |x Propiedades térmicas. | |
| 650 | 0 | |a Electrolytes |x Thermal properties. | |
| 010 | |a 86003628 | ||
| 040 | |a DLC |c DLC |d AR-BbSID | ||
| 856 | 4 | 2 | |3 Biografía del autor |u http://www.loc.gov/catdir/enhancements/fy0607/86003628-b.html |
| 856 | 4 | 2 | |3 Descripción |u http://www.loc.gov/catdir/enhancements/fy0607/86003628-d.html |
| 856 | 4 | 1 | |3 Tabla de contenido |u http://www.loc.gov/catdir/enhancements/fy0607/86003628-t.html |
| 859 | |a AR-BbSID |b BIB. PLAPIQUI |h 541.372 |i H 192 |k R |p 3419 | ||
